000 00506cab a2200193 4500
001 WB2836-12
008 090401t1992 xxu||||| |||| 00| 0 eng d
035 _a(Sirsi) u12483
041 _aeng
245 _aCountryside fit for everyone
260 _c1992
350 _a0
490 _aGuardian
_v11 September 1992, 30(1)
520 _aDiscusses how the countryside can be maintained for leisure use.
650 _aCOUNTRYSIDE ACT 1968
690 _aCONSERVATION
942 _n0
948 _c04/03/1997
999 _c7977
_d7977